00530cam a22001931 450000100060000000300080000600500170001400800410003103500190007204000290009104100080012004200120012808200250014010000180016524500560018326000450023930000320028465000200031676804BD-RjUL20211209082906.0200120s1944 nyu 000 1 eng  a(BD-RjUL)77028 aDLCcFMdOCoLCdDLCbeng aeng apremarc 219a813.54bMOB 19441 aMorton, Jane.10aBlackbirds on the lawn,ba novel /cby Jane Morton. aNew York :bCoward-McCann, inc.,c[1944] a4 p. l., 3-194 p. ;c21 cm. aEnglish Fiction